| 000 -ლიდერი |
| ფიქსირებული სიგრძის საკონტროლო ველი |
01400nam a22002537a 4500 |
| 003 - საკონტროლო ნომრის იდენტიფიკატორი |
| საკონტროლო ველი |
Ge_BSU |
| 005 - ბოლო ოპერაციის თარიღი და დრო |
| საკონტროლო ველი |
20220323112506.0 |
| 008 - ფიქსირებული სიგრძის მონაცემთა ელემენტები - ზოგადი ინფორმაცია |
| ფიქსირებული სიგრძის საკონტროლო ველი |
220323s2021 ge ||||| |||| 00| 0 geo d |
| 041 ## - ენის კოდი |
| Language code of text/sound track or separate title |
geo |
| 080 ## - უნივერსალური ათობითი კლასიფიკაციის ინდექსი |
| Universal Decimal Classification number |
821.353.1(092) |
| 100 ## - მთავარი ჩანაწერი - პიროვნების სახელი |
| Personal name |
ასათიანი, ვალერი |
| 9 (RLIN) |
13593 |
| 245 ## - ცნობა სათაურის შესახებ |
| Title |
გიორგი (გოგლა) ლეონიძე : |
| Remainder of title |
[კრებული] / |
| Statement of responsibility, etc |
რედაქტორ-შემდგენელი ვალერი ასათიანი ; ფოტოსურათები მოამზადა დემიკო ლოლაძემ ; დიზაინერი კახა ბახტაძე. |
| 264 ## - წარმოების, გამოცემის, დისტრიბუციის და სხვა ცნობები |
| გამოცემის, წარმოების, დისტრიბუციის... ადგილი |
თბილისი : |
| გამოცემის, წარმოების, დისტრიბუციის... სახელწოდება |
პოლარის პრინტი, |
| გამოცემის, წარმოების, დისტრიბუციის... თარიღი |
2021. |
| 300 ## - ფიზიკური აღწერა |
| Extent |
350 გვ. : |
| Other physical details |
ფოტ. ; |
| Dimensions |
24 სმ. |
| 653 ## - INDEX TERM--UNCONTROLLED |
| Uncontrolled term |
გიორგი ლეონიძე |
| 653 ## - INDEX TERM--UNCONTROLLED |
| Uncontrolled term |
კრებული |
| 653 ## - INDEX TERM--UNCONTROLLED |
| Uncontrolled term |
ქართველი მწერლები |
| 653 ## - INDEX TERM--UNCONTROLLED |
| Uncontrolled term |
ქართული მემუარული ლიტერატურა |
| 653 ## - INDEX TERM--UNCONTROLLED |
| Uncontrolled term |
ქართული პოეზია |
| 700 ## - ADDED ENTRY--PERSONAL NAME |
| Personal name |
ასათიანი, ვალერი |
| Relator term |
რედაქტორი |
| 9 (RLIN) |
13594 |
| 700 ## - ADDED ENTRY--PERSONAL NAME |
| Personal name |
ლოლაძე, დემიკო |
| Relator term |
ფოტო |
| 9 (RLIN) |
6168 |
| 700 ## - ADDED ENTRY--PERSONAL NAME |
| Personal name |
ბახტაძე, კახა |
| Relator term |
დიზაინერი |
| 9 (RLIN) |
13595 |
| 942 ## - ADDED ENTRY ELEMENTS (KOHA) |
| Source of classification or shelving scheme |
|
| Koha item type |
წიგნი |